000 00535nam a2200205 b 4500
001 00000000065125
003 OSt
005 20130516084801.0
008 020226s1963 esp 000 0bspa d
040 _aBU-BP
_cBMC
082 _a920 Juana de Arco, Santa
100 _aWallon, Henri
_9556
_d1812-1904
245 1 0 _aJuana de Arco
_cH. Wallon
250 _a3ª ed
260 _aMadrid
_bEspasa Calpe
_c1963
300 _a213 p.
_c18 cm
490 _aAustral
_v539
600 _9559
_aJuana de Arco
_cSanta
_xBiografías
942 _2ddc
_cBK
999 _c454
_d454